|
|
|
|
| LEADER |
00000nab a2200000 a 4500 |
| 001 |
vtls001023891 |
| 003 |
SK-MaSNL |
| 005 |
20260303042032.0 |
| 008 |
041220c20041217xo mr| 0 0slo |
| 015 |
|
|
|a RVGKPD2004/12
|
| 038 |
|
|
|a RVGKPD
|
| 040 |
|
|
|a RVGKPD
|b slo
|c RVGKPD
|e AACR2
|
| 041 |
0 |
|
|a slo
|
| 044 |
|
|
|a xo
|c SK
|
| 080 |
|
|
|a 369.223.22
|2 UDC-MRF-SK2
|
| 100 |
1 |
|
|a (ela)
|4 aut
|9 855197
|
| 245 |
1 |
0 |
|a Vedenie nemocnice prezentovalo reformy
|c [autor] (ela)
|
| 300 |
|
|
|b Fotogr. 1
|
| 610 |
2 |
7 |
|a Nemocnica s poliklinikou sv. Barbory (Rožňava, Slovensko)
|2 rvgkpd
|9 31725
|
| 650 |
0 |
7 |
|a reforma zdravotníckej starostlivosti
|2 rvgkpd
|9 21012
|
| 651 |
|
7 |
|a Rožňava (Slovensko)
|2 rvgkpd
|9 17394
|
| 773 |
0 |
|
|t Korzár : Gemerský denník
|g Roč. VI, č. 291 (17.12.2004), s. 1
|x 1335-7581
|
| 852 |
|
|
|a RVGKPD
|b KIS3GCP
|
| 992 |
|
|
|a RBX
|
| 999 |
|
|
|c 1690213
|d 1692143
|